Human resource management. / (Record no. 8587)
[ view plain ]
| 000 -LEADER | |
|---|---|
| fixed length control field | 01252nam a22002177a 4500 |
| 003 - CONTROL NUMBER IDENTIFIER | |
| control field | OSt |
| 005 - DATE AND TIME OF LATEST TRANSACTION | |
| control field | 20220202101110.0 |
| 008 - FIXED-LENGTH DATA ELEMENTS--GENERAL INFORMATION | |
| fixed length control field | 110818t xxu||||| |||| 00| 0 eng d |
| 020 ## - INTERNATIONAL STANDARD BOOK NUMBER | |
| International Standard Book Number | 9781408032244 |
| 040 ## - CATALOGING SOURCE | |
| Transcribing agency | LC |
| 050 ## - LIBRARY OF CONGRESS CALL NUMBER | |
| Classification number | HF5549.P93(4e) |
| 100 ## - MAIN ENTRY--PERSONAL NAME | |
| Fuller form of name | Price, Alan |
| 245 ## - TITLE STATEMENT | |
| Title | Human resource management. / |
| Statement of responsibility, etc. | Alan Price. |
| 250 ## - EDITION STATEMENT | |
| Edition statement | 4th ed. |
| 260 ## - PUBLICATION, DISTRIBUTION, ETC. | |
| Place of publication, distribution, etc. | Hampshire: |
| Name of publisher, distributor, etc. | South-Western, Cengage learning, |
| Date of publication, distribution, etc. | 2011. |
| 300 ## - PHYSICAL DESCRIPTION | |
| Extent | xvii, 587 p. |
| 500 ## - GENERAL NOTE | |
| General note | Includes indexes |
| 505 ## - FORMATTED CONTENTS NOTE | |
| Formatted contents note | Contents: 1. Introduction to HRM: Managing people -- The concept of HRM -- HRM in practice -- 2. HRM and the business environment: HRM and global economy -- HRM and job market -- International perspective: culture, the state, human capital and ethics -- Flexibility, work - life balance and wellness -- 3. Organizational HRM: HRM and organizational structure -- Growth, culture, and knowledge -- employee engagement -- 4. Strategic HRM: people strategies -- Change strategies -- Resourcing strategies -- 5.Talent management: Recruitment -- Employee selection -- Performance management -- Reward management -- Human resource development -- 6. Employee relations: Promoting diversity -- Managing conflict -- |
| 650 ## - SUBJECT ADDED ENTRY--TOPICAL TERM | |
| Source of heading or term | Management |
| 942 ## - ADDED ENTRY ELEMENTS (KOHA) | |
| Source of classification or shelving scheme | Library of Congress Classification |
| Koha item type | Books |
| Withdrawn status | Lost status | Source of classification or shelving scheme | Damaged status | Not for loan | Home library | Current library | Shelving location | Date acquired | Total Checkouts | Full call number | Barcode | Date last seen | Copy number | Price effective from | Koha item type |
|---|---|---|---|---|---|---|---|---|---|---|---|---|---|---|---|
| Library of Congress Classification | WISCONSIN INTERNATIONAL UNIVERSITY COLLEGE, GHANA - MAIN LIBRARY | WISCONSIN INTERNATIONAL UNIVERSITY COLLEGE, GHANA - MAIN LIBRARY | Reference | 02/02/2022 | HF5549.P93(4e) | 8885/336/20 | 02/02/2022 | 1 | 02/02/2022 | Books | |||||
| Library of Congress Classification | WISCONSIN INTERNATIONAL UNIVERSITY COLLEGE, GHANA - MAIN LIBRARY | WISCONSIN INTERNATIONAL UNIVERSITY COLLEGE, GHANA - MAIN LIBRARY | Reference | 02/02/2022 | HF5549.P931(4e) | 8886/337/20 | 02/02/2022 | 2 | 02/02/2022 | Books | |||||
| Library of Congress Classification | WISCONSIN INTERNATIONAL UNIVERSITY COLLEGE, GHANA - MAIN LIBRARY | WISCONSIN INTERNATIONAL UNIVERSITY COLLEGE, GHANA - MAIN LIBRARY | Reference | 02/02/2022 | HF5549.P932(4e) | 8887/338/20 | 02/02/2022 | 3 | 02/02/2022 | Books |
